| 000 | 00000nam 2200000za 4500 |
| 001 | 9.630810 |
| 003 | CaOODSP |
| 005 | 20240624082214 |
| 007 | cr ||||||||||| |
| 008 | 150407|2002||||xxc|||||o f|0| 0 fre d |
| 020 | |a0-662-87764-0 |
| 040 | |aCaOODSP|bfre |
| 043 | |an-cn--- |
| 086 | 1 |aCP22-66/2002F-IN |
| 245 | 00|aCode de bonnes pratiques de financement : |h[ressource électronique] |bpour donner suite à l'Accord entre le gouvernement du Canada et le secteur bénévole et communautaire / |cÉlaboré par la Table conjointe sur l'Accord de l'Initiative sur le secteur bénévole et communautaire. |
| 260 | |bBureau du Conseil privé |c2002. |
| 300 | |a28 p. |
| 500 | |aEn tête du titre: Initiative sur le secteur bénévole et communautaire. |
| 590 | |a02-50|b2002-12-13 |
| 691 | 07|aMinistre|2gcpds |
| 691 | 07|aServices administratifs|2gcpds |
| 710 | 1 |aCanada. |bBureau du Conseil privé. |
| 775 | 08|tA code of good practice on funding : |w(CaOODSP)9.686338 |
| 776 | 0#|tA code of good practice on funding : |w(CaOODSP)9.664081 |
| 776 | 0#|tCode de bonnes pratiques de financement : |w(CaOODSP)9.664082 |
| 856 | 40|ahttp://publications.gc.ca|qPDF|s184 Ko|uhttps://publications.gc.ca/collections/Collection/CP22-66-2002F.pdf |